<?xml version="1.0" encoding="UTF-8"?>
<record
    xmlns:xsi="http://www.w3.org/2001/XMLSchema-instance"
    xsi:schemaLocation="http://www.loc.gov/MARC21/slim http://www.loc.gov/standards/marcxml/schema/MARC21slim.xsd"
    xmlns="http://www.loc.gov/MARC21/slim">

  <leader>02044cam a22002413a 4500</leader>
  <controlfield tag="001">12268</controlfield>
  <controlfield tag="003">PGUSA</controlfield>
  <controlfield tag="005">20140828083247.0</controlfield>
  <controlfield tag="008">040501s2004||||xxu|||||s|||||000 p eng d</controlfield>
  <datafield tag="040" ind1=" " ind2=" ">
    <subfield code="a">PGUSA</subfield>
    <subfield code="b">eng</subfield>
  </datafield>
  <datafield tag="042" ind1=" " ind2=" ">
    <subfield code="a">dc</subfield>
  </datafield>
  <datafield tag="050" ind1=" " ind2="4">
    <subfield code="a">PT</subfield>
  </datafield>
  <datafield tag="100" ind1="1" ind2=" ">
    <subfield code="a">Falke, Gustav,</subfield>
    <subfield code="d">1853-1916</subfield>
  </datafield>
  <datafield tag="245" ind1="1" ind2="0">
    <subfield code="a">Hohe Sommertage :</subfield>
    <subfield code="b">Neue Gedichte</subfield>
    <subfield code="h">[electronic resource] /</subfield>
    <subfield code="c">Gustav Falke</subfield>
  </datafield>
  <datafield tag="260" ind1=" " ind2=" ">
    <subfield code="b">Project Gutenberg,</subfield>
    <subfield code="c">2004</subfield>
  </datafield>
  <datafield tag="505" ind1="0" ind2=" ">
    <subfield code="a">Sommer -- Der Parkteich -- Tr&#xFC;ber Tag -- Vergebliche Bitte -- Liebesgestammel -- Waldgang -- In tiefer Scham -- Aus tiefer Qual -- Im Entschlummern -- Bitte -- Erinnerung -- Besitz -- Ausklang -- Zu Hause -- Heimkehr -- Vor Schlafengehen -- Mondlicht -- Musik -- Es schneit -- Die Weihnachtsb&#xE4;ume -- Meinem Sohn zur Taufe -- Die Mutter -- Steernkiker -- Lengen -- Verbaden Leew -- An de Gorenport -- Go' Nach -- L&#xFC;tt Ursel -- De Snurkers -- De l&#xFC;tt' Boom -- De Stormfloth -- Ritornelle -- Fr&#xFC;hlingstrunken -- Ein silbernes M&#xE4;rchen -- Pfingstlied -- Wunsch -- Seele -- Irrende Seele -- Rosentod -- Auf meinen ausgestopften Falken -- Morgen zwischen Hecken -- Und gar nicht lange -- Die bunten K&#xFC;he -- Auf der Bleiche -- W&#xE4;sche im Wind -- Winterwald -- Winter -- Die Netzflickerinnen -- Das M&#xE4;dchen mit den Rosen -- Das Nixchen -- Feierabend -- Das M&#xE4;del -- Im Schnellzug -- Reigen -- Der Backfisch -- Der seltene Vogel -- Idyll -- Pusteblumen -- Konsequenz -- Die R&#xE4;uber -- Denkmalkantate -- Bescheidener Wunsch -- Zweimal ist vier -- Prolog zur Nietzsche-Gedenkfeier -- Prolog zur B&#xF6;cklin-Gedenkfeier -- Der Trauermantel -- Tag und Nacht -- Das Birkenw&#xE4;ldchen -- Der Freier -- Der Fr&#xFC;hlingsreiter -- Scherz -- Die Schnitterin -- Das Geisterschiff -- Die treue Schwester -- Sara Limbeck -- Thies und Ose -- Wie die Stakendorfer die L&#xFC;becker los wurden -- Das Opferkind</subfield>
  </datafield>
  <datafield tag="506" ind1=" " ind2=" ">
    <subfield code="a">Public domain in the USA.</subfield>
  </datafield>
  <datafield tag="516" ind1=" " ind2=" ">
    <subfield code="a">Electronic text</subfield>
  </datafield>
  <datafield tag="653" ind1=" " ind2=" ">
    <subfield code="a">German poetry -- 20th century</subfield>
  </datafield>
  <datafield tag="830" ind1=" " ind2="0">
    <subfield code="a">Project Gutenberg</subfield>
    <subfield code="v">12268</subfield>
  </datafield>
  <datafield tag="856" ind1="4" ind2="0">
    <subfield code="u">http://www.gutenberg.org/ebooks/12268</subfield>
  </datafield>
  <datafield tag="942" ind1=" " ind2=" ">
    <subfield code="c">EB</subfield>
  </datafield>
  <datafield tag="999" ind1=" " ind2=" ">
    <subfield code="c">241523</subfield>
    <subfield code="d">241523</subfield>
  </datafield>
  <datafield tag="952" ind1=" " ind2=" ">
    <subfield code="0">0</subfield>
    <subfield code="1">0</subfield>
    <subfield code="4">0</subfield>
    <subfield code="a">GTB</subfield>
    <subfield code="b">GTB</subfield>
    <subfield code="d">2014-08-28</subfield>
    <subfield code="l">0</subfield>
    <subfield code="r">2014-08-28 00:00:00</subfield>
    <subfield code="w">2014-08-28</subfield>
    <subfield code="y">EB</subfield>
  </datafield>
</record>
